书目信息 |
| 题名: |
品茶图鉴
|
|
| 作者: | 陈宗懋 , 俞永明 , 梁国彪 著 | |
| 分册: | ||
| 出版信息: | 合肥 黄山书社 2009.07 |
|
| 页数: | 278页 | |
| 开本: | 26cm | |
| 丛书名: | ||
| 单 册: | ||
| 中图分类: | TS971-64 | |
| 科图分类: | ||
| 主题词: | 茶--cha--文化--中国--图集 | |
| 电子资源: | ||
| ISBN: | 978-7-5461-0345-7 | |
| 000 | 01098nam0 2200277 450 | |
| 001 | 012010313574 | |
| 005 | 20100514134648.50 | |
| 010 | @a978-7-5461-0345-7@b精装@dCNY99.00 | |
| 100 | @a20100427d2009 em y0chiy0120 ea | |
| 101 | 0 | @achi |
| 102 | @aCN@b340000 | |
| 105 | @aa z 000yy | |
| 106 | @ar | |
| 200 | 1 | @a品茶图鉴@Apin cha tu jian@e214种茶叶、茶汤、叶底原色图片@f陈宗懋 ... [等] 著@Fchen zong mao...[deng]zhu |
| 210 | @a合肥@c黄山书社@d2009.07 | |
| 215 | @a278页@c图@d26cm | |
| 304 | @a题名页题: 陈宗懋, 俞永明, 梁国彪, 周智修著 | |
| 330 | @a本书具体包括:饮茶的历史、生物学上的特性、中国茶的茶区、中国茶的茶区、华南茶区、乌龙茶的制法、太湖小天鹅茶、长兴紫笋茶、方岩绿毫、汶溪玉绿茶、云绿茅尖茶、金山时雨茶等方面的内容。 | |
| 517 | 1 | @a214种茶叶、茶汤、叶底原色图片@A214 zhong cha ye、cha tang、ye di yuan se tu pian |
| 606 | 0 | @a茶@Acha@x文化@y中国@j图集 |
| 690 | @aTS971-64@v4 | |
| 701 | 0 | @a陈宗懋@Achen zong mao@4著 |
| 701 | 0 | @a俞永明@Ayu yong ming@4著 |
| 701 | 0 | @a梁国彪@Aliang guo biao@4著 |
| 801 | 0 | @aCN@bQSSK@c20100514 |
| 905 | @b779180-82@dTS971-64@eC654@f3 | |
| 品茶图鉴:214种茶叶、茶汤、叶底原色图片/陈宗懋 ... [等] 著.-合肥:黄山书社,2009.07 |
| 278页:图;26cm |
| ISBN 978-7-5461-0345-7(精装):CNY99.00 |
| 本书具体包括:饮茶的历史、生物学上的特性、中国茶的茶区、中国茶的茶区、华南茶区、乌龙茶的制法、太湖小天鹅茶、长兴紫笋茶、方岩绿毫、汶溪玉绿茶、云绿茅尖茶、金山时雨茶等方面的内容。 |
| ● |
| 相关链接 |
|
|
|
正题名:品茶图鉴
索取号:TS971-64/C654
 
预约/预借
| 序号 | 登录号 | 条形码 | 馆藏地/架位号 | 状态 | 备注 |
| 1 | 779180 | 207791807 | 自科二线504/201建筑库 43排6列4层/ [索取号:TS971-64/C654] | 在馆 | |
| 2 | 779181 | 207791816 | 自科库501/501自科库 44排6列1层/ [索取号:TS971-64/C654] | 在馆 | |
| 3 | 779182 | 207791825 | 期刊室512/501自科库 44排6列2层/ [索取号:TS971-64/C654] | 在馆 |